000 00363nam a22001577a 4500
003 SGT
020 _a9788175960299
082 _a428.2,MUR
100 _aMURPHY, RAYMOND
245 _aESSENTIAL ENGLISH GRAMMAR
250 _a2ND
260 _aNEW DELHI
_bCAMBRIDGE UNIVERSITY PRESS
_c2019
300 _a300
650 _a ENGLISH GRAMMAR
942 _2ddc
_cBK
_03
999 _c19610
_d19610